000 00732nam a2200217 a 4500
005 20140310183619.0
008 130326s19uu xx 00 eng d
020 _a9789812728425
050 _aRG 951
_b.G373 2010
100 _aGilbert, Elizabeth Stepp.
245 _aManual of high risk pregnancy & delivery /
_cElizabeth Stepp Gilbert.
250 _a5th ed.
260 _aSingapore :
_bMosby / Elsevier,
_c2011.
300 _aviii, 727 p. :
_c25 cm.
521 _aNUR
650 _aMaternity nursing
_xHandbooks, manuals, etc
650 _aPregnancy
_xComplications
_xNursing
_xHandbooks, manuals, etc
650 _aLabor (Obstetrics)
_xComplications
_xNursing
_xHandbooks, manuals, etc
942 _cBK
_2lcc
999 _c25375
_d25375